00775 2200277 4500001002100000005001700021008004100038020001300079035002400092082001000116090001700126100002100143245009200164250001100256260003800267300002500305500003100330500001100361650002600372700002500398700002500423850001500448980001300463985000600476999001500482YOGYA-0209000001013020090227022019.0 ind  a979-8581 0010-020900000010130 a297.6 a297.6bAnc P aANCOK, Jamaludin aPsikologi IslamcJamaludin Ancok, Fuad Nashori Suroso ; penyunting, Muh Sungaidi Ardani aCet. 2 aYogyakartabPustaka Pelajarc1995 aviii, 188 hlmc21 cm aBibliografi : hlm. 169-175 aIndeks aPsikologi Agama Islam aSuroso, Fuad Nashori aArdani, Muh Sungaidi aYOPDYOG(B) a05-07-05 a1 a97P0100295